Allied Academies International Conference Academy of Accounting and Financial Studies. Proceedings

Detalles Bibliográficos
Formato: Desconocido
Lenguaje:inglés
Publicado: Cullowhee : The DreamCatchers Group
Materias:
Acceso en línea:Acceso restringido

MARC

LEADER 00000ny a22000003n 4500
005 20110513144948.0
008 071017c19uu9999us mr pss 0 a0eng d
035 |a 5132 
040 |a BUS  |d vLex 
090 |c 1906  |d 1906 
245 3 0 |a Allied Academies International Conference  |h [Recurso electrn̤ico]  |b Academy of Accounting and Financial Studies. Proceedings 
246 3 3 |a Academy of Accounting and Financial Studies. Proceedings 
246 3 3 |a Proceedings Allied Academies International Conference 
256 |a Servicio en ln̕ea 
260 |a Cullowhee :  |b The DreamCatchers Group 
310 |a Semestral 
506 1 |a Contenido solo disponible en los productos indicados  |d vLex Global  |d vLex Global (Academic Edition, excluding Law Schools)  |d vLex Global (U.S. Academic Edition, excluding Law Schools) 
650 0 4 |a Contabilidad  |x Publicaciones perid̤icas 
740 0 |a vLex Revista (Servicios en ln̕ea) 
843 |a Electrn̤ica. Abierta 
853 |8 1  |i (year)  |j (month)  |k (day) 
856 4 0 |z Acceso restringido  |u http://vlex.com/account/login_ip?fuente_id=5132 
942 |c REV